| 000 | 00578nam a22001937a 4500 | ||
|---|---|---|---|
| 005 | 20240612165200.0 | ||
| 010 | _aENG-140587 | ||
| 020 |
_a9789355326119 _c950.00 |
||
| 035 | _aEN-124119 | ||
| 037 | _bDBAD | ||
| 082 |
_a515 _23 |
||
| 100 |
_aRudin, Walter _967448 |
||
| 245 |
_aReal & Complex Analysis/ _cBy Walter Rudin |
||
| 250 | _a3 | ||
| 260 |
_aChennai _bMc Graw Hill Education _c2023 |
||
| 270 |
_aAnjana Complex NO. 5/90 A, Butt Road, St. Thomas Mount _bChennai _e600116 |
||
| 300 |
_axiv,416p. _c22cm(pbk) _bindex |
||
| 942 |
_2ddc _cEN _h515 _mRUD _e3 |
||
| 999 |
_c203563 _d203563 |
||